=LDR 00000nam 2200000 4500 =001 INLIS000000000039516 =005 20130612145136 =008 ***********************************Ind** =035 ##$$a0010-061300000039516 =041 ##$$a Ind =082 ##$$a 658.404 =090 ##$$a 658.404, Fon i =100 ##$$a Fontana, Avanti =245 ##$$a Innovate We Can! : Manajemen Inovasi dan Penciptaan Nilai Individu, Organisasi, Masyarakat, Avanti Fantana ; Editor, Phillip Gobang =260 ##$$a 2011 $b Jakarta =300 ##$$a 263 Hlm, 23 Cm =700 ##$$a Gobang, Phillip =850 ##$$a NBPNMAT =990 ##$$a 91752/BPAP-NTB/2014